[Event "Maracay Independence Cup 9th"]
[Site "Maracay"]
[Date "2019.07.13"]
[Round "6"]
[White "Zowain Aguilar, Luis Alfonso"]
[Black "Hernandez, Leonardo"]
[Result "1/2-1/2"]
[WhiteElo "2237"]
[BlackElo "2112"]
[PlyCount "47"]
[EventDate "2019.07.11"]
[EventType "swiss"]
[EventRounds "7"]
[EventCountry "VEN"]
[SourceTitle "EXT 2020"]
[Source "ChessBase"]
[SourceDate "2019.10.17"]
[SourceVersion "1"]
[SourceVersionDate "2019.10.17"]
[SourceQuality "1"]

1. e4 c6 2. d4 d5 3. e5 c5 4. Nf3 cxd4 5. Qxd4 Nc6 6. Qf4 e6 7. Bd3 Nb4 8. 0-0 Nxd3 9. cxd3 Ne7 10. Nc3 Ng6 11. Qg3 Be7 12. Ne2 0-0 13. Nf4 Bd7 14. Be3 Rc8 15. a3 a5 16. Rfc1 Rxc1+ 17. Rxc1 Qb8 18. h4 Rc8 19. Rxc8+ Qxc8 20. Nxg6 hxg6 21. Bg5 Bf8 22. Qf4 Qc2 23. Qd2 Qxd2 24. Bxd2 1/2-1/2